01028nam a2200289 i 450000100060000000300080000600500170001400800390003102000150007002000220008503500190010704000320012604100080015808200270016610000280019324500920022126000530031330000250036649000200039150400490041165000240046065000240048470000510050894200120055999900170057195201500058833607BD-RjUL20211209052032.0140510s1981 nju b 001 0 eng a0132941325 a0132941244 (pbk.) a(BD-RjUL)33698 aDLCcDLCdDLCdBD-RjULbeng aeng00a658.4092219bTRE 19811 aTramel, Mary E.910200810aExecutive leadership :bhow to get it & make it work /cMary E. Tramel, Helen Reynolds. aEnglewood Cliffs, N.J. :bPrentice-Hall,cc1981. aiv, 268 p. ;c24 cm.0 aA Spectrum book aIncludes bibliographical references & Index. 0aExecutives.9102009 0aLeadership.91020101 aReynolds, Helen,d1919-ejoint author.9102011 2ddccBK c33607d33607 00102ddc40718NFICaRUCLbRUCLcReadingd1985-02-25eAsia Fundation Giftg0.00l0o658.4092 TRE 1981r2014-05-10 00:00:00tC-1w2014-05-10yBK